| 000 | 00388 a2200145 4500 | ||
|---|---|---|---|
| 040 |
_aDLC _bDLC |
||
| 082 | _a213 | ||
| 100 | _a Imtiaz Ahmad | ||
| 245 |
_aEhl-e-Fikar kay liy Yaad Dehani _hImtiaz Ahmad |
||
| 260 |
_aIslamabad: _bInstant Print System, _c2003. |
||
| 300 |
_a90 p. ; _c24 cm. |
||
| 500 | _aIncludes Index | ||
| 650 | _aMadina-tul-Munwara--History. | ||
| 942 |
_cBK _k213 IMT _2ddc |
||
| 999 |
_c7017 _d7017 |
||